000
00479nam a2200133Ia 4500
008
100328s9999 xx 000 0 und d
082
_b
36737
100
_a
टिळक लक्ष्मीबाई
245
_a
संपूर्ण स्मृतीचित्रे
260
_b
पॉप्युलर
630
_a
संपूर्ण स्मृतीचित्रे
730
_a
संपूर्ण स्मृतीचित्रे
942
_c
BOOK
999
_c
526323
_d
526320